LIBRARY ONLINE CATALOGUE

Birds (Record no. 16947)

MARC details
000 -LEADER
fixed length control field 00426nam a22001577a 4500
008 - FIXED-LENGTH DATA ELEMENTS--GENERAL INFORMATION
fixed length control field 180710b xxu||||| |||| 00| 0 eng d
020 ## - INTERNATIONAL STANDARD BOOK NUMBER
International Standard Book Number 0702008729
050 ## - LIBRARY OF CONGRESS CALL NUMBER
Classification number QL697
Item number .K56 1984 c.1
100 ## - MAIN ENTRY--PERSONAL NAME
Personal name King, A.S.
245 ## - TITLE STATEMENT
Title Birds
Remainder of title Their structure and function
Statement of responsibility, etc. A.S. King
250 ## - EDITION STATEMENT
Edition statement 2nd ed.
260 ## - PUBLICATION, DISTRIBUTION, ETC. (IMPRINT)
Place of publication, distribution, etc. London
Name of publisher, distributor, etc. Bailliere
Date of publication, distribution, etc. 1984
300 ## - PHYSICAL DESCRIPTION
Extent viii,334p.
650 ## - SUBJECT ADDED ENTRY--TOPICAL TERM
Topical term or geographic name as entry element Birds
Form subdivision Anatomy
942 ## - ADDED ENTRY ELEMENTS (KOHA)
Source of classification or shelving scheme Library of Congress Classification
Koha item type General Collection
Classification part QL697
Holdings
Withdrawn status Lost status Source of classification or shelving scheme Not for loan Home library Current library Date acquired Cost, normal purchase price Total Checkouts Full call number Barcode Date last seen Price effective from Koha item type
    Library of Congress Classification   Kabarak, Main Campus Kabarak, Main Campus 10/07/2018 500.00   QL697 .K56 1984 c.1 024339 10/07/2018 10/07/2018 General Collection
    Library of Congress Classification   Kabarak, Main Campus Kabarak, Main Campus 10/07/2018 500.00   QL697 .K56 1984 c.2 024330 10/07/2018 10/07/2018 General Collection